000 01341nam0a2200373 4500
001 RU\NLR\bibl\298411
005 20250620144520.0
010 _a5-93052-019-5
021 _aRU
_b2002-14290
_9716
035 _a(NLR Aleph) 000293710
090 _a1720082
_c1720082
100 _a20020723d2001 |||y0rusy50 ca
101 0 _arus
102 _aRU
105 _ay |||||||||
200 1 _aВыполненные задания и упражнения по русскому языку
_e8 кл.
_eИз учеб. С. Г. Бархударова и др. "Рус. яз. 8-й кл."
_fН.А. Камнева
210 _aН. Новгород
_cПолюс
_d2001
215 _a207 с.
_d17
225 1 _aРешебник
605 _aРусский язык. 8 класс
_2psbo
606 0 _aРусский язык
_jУчебные издания
_91533567
_3RU\NLR\auth\66969347
610 0 _aРусский язык
675 _a373.167.1:811.161.1
_v3
_zrus
675 _a811.161.1(075.3)
_v3
_zrus
686 _a14.25
_2rugasnti
686 _a84.2Рус-922
_2rubbk
686 _aШ141.12-922.1[8]
700 1 _aКамнева
_bН. А.
_gНаталья Анатольевна
_4070
801 0 _aRU
_bRKP
_c20020723
_gPSBO
801 1 _aRU
_bRKP
_c20020723
801 2 _aRU
_bNLR
_c20020919
_grcr
942 _cBOOK
980 _aNB